[Event "GER-chT U16"]
[Site "Naumburg"]
[Date "2012.12.28"]
[Round "3"]
[White "Jacob, Hannes"]
[Black "Schwerdtfeger, Lukas"]
[Result "1-0"]
[WhiteElo "1659"]
[BlackElo "1418"]
[PlyCount "67"]
[EventDate "2012.12.27"]
[EventType "team-swiss"]
[EventRounds "7"]
[EventCountry "GER"]
[SourceTitle "EXT 2014"]
[Source "ChessBase"]
[SourceDate "2013.11.20"]
[SourceVersion "1"]
[SourceVersionDate "2013.11.20"]
[SourceQuality "1"]
[WhiteTeam "Merseburg"]
[BlackTeam "Bochum SG"]
[WhiteTeamCountry "GER"]
[BlackTeamCountry "GER"]

1. e4 e5 2. Nf3 Nc6 3. Bc4 Bc5 4. c3 Nf6 5. d4 exd4 6. e5 Ng4 7. cxd4 Bb4+ 8. Nc3 d6 9. h3 dxe5 10. d5 Nxf2 11. Kxf2 Bc5+ 12. Ke1 Nd4 13. Bb5+ Bd7 14. Bxd7+ Qxd7 15. Rf1 0-0-0 16. Be3 Nxf3+ 17. Qxf3 Bxe3 18. Qxe3 Kb8 19. Qc5 a6 20. b4 e4 21. Rb1 f6 22. b5 Qd6 23. Qe3 Rhf8 24. bxa6 Qxa6 25. Rf2 Qa5 26. Kf1 Qa6+ 27. Kg1 Qc4 28. Rfb2 b6 29. Rxb6+ Kc8 30. Rc6 Qd3 31. Rxc7+ Kxc7 32. Qb6+ Kd7 33. Qc6+ Ke7 34. Qe6# 1-0

[Event "GER-chT U14"]
[Site "Magdeburg"]
[Date "2010.12.29"]
[Round "6.3"]
[White "Lagunow, Raphael"]
[Black "Jacob, Hannes"]
[Result "1/2-1/2"]
[WhiteElo "1811"]
[BlackElo "1532"]
[PlyCount "63"]
[EventDate "2010.12.27"]
[EventType "team-swiss"]
[EventRounds "7"]
[EventCountry "GER"]
[SourceTitle "CBM 140 Extra"]
[Source "ChessBase"]
[SourceDate "2011.03.01"]
[SourceVersion "1"]
[SourceVersionDate "2011.03.01"]
[SourceQuality "1"]
[WhiteTeam "Berlin Makkabi"]
[BlackTeam "Merseburg"]
[WhiteTeamCountry "GER"]
[BlackTeamCountry "GER"]

1. e4 e5 2. Nf3 Nc6 3. Nc3 Nf6 4. d4 exd4 5. Nxd4 Nxd4 6. Qxd4 b6 7. Bg5 Be7 8. 0-0-0 Bb7 9. f3 h6 10. Bxf6 Bxf6 11. e5 c5 12. Qd6 Be7 13. Qd3 Bc6 14. Be2 a6 15. f4 b5 16. Bf3 c4 17. Qd4 Bxf3 18. gxf3 b4 19. Nd5 b3 20. a3 Bxa3 21. bxa3 Qa5 22. Qb2 0-0 23. Rhg1 bxc2 24. Qxc2 Qxa3+ 25. Kd2 Kh8 26. Ke2 Rab8 27. Rb1 Rb3 28. Ra1 Qc5 29. Ne3 Rfb8 30. Rgb1 Qd4 31. Rxb3 Rxb3 32. Rxa6 1/2-1/2

[Event "GER-chT U14"]
[Site "Magdeburg"]
[Date "2010.12.27"]
[Round "1.4"]
[White "Jacob, Hannes"]
[Black "Walczak, Charley"]
[Result "1-0"]
[WhiteElo "1532"]
[BlackElo "1131"]
[PlyCount "59"]
[EventDate "2010.12.27"]
[EventType "team-swiss"]
[EventRounds "7"]
[EventCountry "GER"]
[SourceTitle "CBM 140 Extra"]
[Source "ChessBase"]
[SourceDate "2011.03.01"]
[SourceVersion "1"]
[SourceVersionDate "2011.03.01"]
[SourceQuality "1"]
[WhiteTeam "Merseburg"]
[BlackTeam "Dresden Striessen"]
[WhiteTeamCountry "GER"]
[BlackTeamCountry "GER"]

1. e4 e5 2. Nf3 Nc6 3. Bc4 Bc5 4. d3 Nf6 5. c3 d5 6. exd5 Nxd5 7. 0-0 Bg4 8. Re1 0-0 9. b4 Bb6 10. h3 Bh5 11. a3 Qd7 12. Bxd5 Qxd5 13. g4 e4 14. c4 Qd7 15. dxe4 Bxg4 16. Qxd7 Bxf2+ 17. Kxf2 Bxd7 18. Rg1 Bxh3 19. Bh6 Nd8 20. Rxg7+ Kh8 21. Rg3 Re8 22. Rxh3 Rxe4 23. Nbd2 Re8 24. Rah1 Ne6 25. Be3 Nf8 26. Ng5 f6 27. Nxh7 Nxh7 28. Rxh7+ Kg8 29. Rxc7 Rab8 30. Rhh7 1-0

[Event "Sachsen-ch int U08"]
[Site "Sebnitz"]
[Date "2004.10.21"]
[Round "7.4"]
[White "Wieczorek, Bruno"]
[Black "Jacob, Hannes"]
[Result "1-0"]
[WhiteElo "1600"]
[BlackElo "869"]
[PlyCount "29"]
[EventDate "2004.10.??"]
[EventType "swiss"]
[EventRounds "9"]
[EventCountry "GER"]
[SourceTitle "EXT 2006"]
[Source "ChessBase"]
[SourceDate "2005.11.24"]
[SourceVersion "1"]
[SourceVersionDate "2005.11.24"]
[SourceQuality "1"]

1. e4 e5 2. f4 d6 3. Nf3 Nc6 4. Bb5 f6 5. fxe5 fxe5 6. 0-0 Nge7 7. d4 a6 8. Ba4 Bd7 9. Bb3 Ng6 10. Ng5 Qc8 11. c3 Bg4 12. Qc2 Qd7 13. Bf7+ Ke7 14. Nxh7 Rxh7 15. Bg5# 1-0